Tabela Ekstraklasy 2018/19 - Statystyki

Ogólne statystyki
  • Ten quiz został rozwiązany 93 razy
  • Średni wynik to 14 z 16
Statystyki odpowiedzi
Pozycja w Tabeli Odpowiedź % Poprawnych
2 Legia Warszawa
100%
8 Lech Poznań
97%
7 Pogoń Szczecin
94%
3 Lechia Gdańsk
93%
9 Wisła Kraków
93%
13 Arka Gdynia
92%
1 Piast Gliwice
91%
12 Śląsk Wrocław
90%
11 Górnik Zabrze
89%
4 Cracovia
87%
5 Jagiellonia Białystok
87%
6 Zagłębie Lubin
86%
10 Korona Kielce
84%
14 Wisła Płock
71%
16 Zagłębie Sosnowiec
71%
15 Miedź Legnica
69%
Nie znaleziono quizów pasujących do podanych kryteriów
Rozkład punktacji
Procent ludzi z każdym wynikiem
Percentyl według liczby udzielonych odpowiedzi
Twoja historia wyników
Nie rozwiązałeś tego quizu